00671nam a2200181 a 450000100100000000500170001000800410002702000150006804000250008308200130010824501220012126000510024330000200029470000320031404900090034695201170035599900170047200002488120200930023427.0110207s1999 ve r 000 0 spa d a9800758186 aDO-SdBNPbspacBNPHU ann*bnn*03aEl hombre invisible :bpoesía negra en lengua inglesa /cSelección, traducción y prólogo de Douglas A. Palma. aVenezuela :bFondo Editorial Toromaina,c1999. a62 p. ;c20 cm.1 aPalma, Douglas,etr.951064 aBNGR 001054708MOaGRbGRcCTd2011-02-07iLF1l0onn* nn*p24881-10r2020-06-25w2020-06-25y4ZPréstamo en sala c24374d24374